Asociación de los factores clínicos con aislamientos de bacterias multirresistentes en pacientes de un hospital de alta complejidad de la ciudad de Cartagena 2018 / (Registro nro. 4583)
[ vista simple ]
| 000 -LEADER | |
|---|---|
| fixed length control field | 01823nam a2200241 4500 |
| 001 - CONTROL NUMBER | |
| control field | 0000076109 |
| 005 - DATE AND TIME OF LATEST TRANSACTION | |
| control field | 20250329165444.0 |
| 008 - FIXED-LENGTH DATA ELEMENTS--GENERAL INFORMATION | |
| fixed length control field | 190415s2019 000 0 eng d |
| 040 ## - CATALOGING SOURCE | |
| Original cataloging agency | CO-CtgCURN |
| Language of cataloging | spa |
| Transcribing agency | coctgcurn |
| 082 0# - DEWEY DECIMAL CLASSIFICATION NUMBER | |
| Classification number | INQ 2019 |
| Item number | A779 |
| 100 1# - MAIN ENTRY--PERSONAL NAME | |
| Personal name | Arroyo Hamburguer, Maria Paula. |
| 245 10 - TITLE STATEMENT | |
| Title | Asociación de los factores clínicos con aislamientos de bacterias multirresistentes en pacientes de un hospital de alta complejidad de la ciudad de Cartagena 2018 / |
| Statement of responsibility, etc. | Maria Paula Arroyo Hamburguer; Director Jaime Lorduy Gomez; Co-Director Giovani Diaz Beltran. |
| 260 ## - PUBLICATION, DISTRIBUTION, ETC. | |
| Place of publication, distribution, etc. | Cartagena de Indias : |
| Name of publisher, distributor, etc. | Corporación Universitaria Rafael Nuñez, |
| Date of publication, distribution, etc. | 2019. |
| 300 ## - PHYSICAL DESCRIPTION | |
| Extent | 70 hojas. |
| 504 ## - BIBLIOGRAPHY, ETC. NOTE | |
| Bibliography, etc. note | Trabajo de grado (Instrumentación quirúrgica). Corporación Universitaria Rafael Nuñez. Facultad de Ciencias de la Salud. Instrumentación quirúrgica, 2016. |
| 520 ## - SUMMARY, ETC. | |
| Summary, etc. | "La resistencia bacteriana se presenta como un conjunto de mecanismos que las bacterias han desarrollado para resistir la acción de los antibióticos. La multiresistencia bacteriana mientras tanto, es cuando una cepa es resistente simultáneamente a toda una serie de agentes antibacterianos. En la actualidad la llamada multiresistencia bacteriana a los antimicrobianos es una problemática mundial para la salud de los pueblos, toda vez que siga tomando proporciones alarmantes. " |
| 650 #0 - SUBJECT ADDED ENTRY--TOPICAL TERM | |
| Topical term or geographic name entry element | Instrumentación Quirúrgica |
| Form subdivision | Tesis y disertaciones academicas. |
| 700 1# - ADDED ENTRY--PERSONAL NAME | |
| Personal name | Lorduy Gomez, Jaime |
| -- | director. |
| 700 1# - ADDED ENTRY--PERSONAL NAME | |
| Personal name | Diaz Beltran, Giovani |
| -- | co-director. |
| 856 ## - ELECTRONIC LOCATION AND ACCESS | |
| Uniform Resource Identifier | <a href="https://unicurn.sharepoint.com/:b:/s/biblioteca/EaU_bek5_l9Lj4dyT2hnatYB-RlV4SmGbwjfuix0pCaB7Q?e=6i2RDV">https://unicurn.sharepoint.com/:b:/s/biblioteca/EaU_bek5_l9Lj4dyT2hnatYB-RlV4SmGbwjfuix0pCaB7Q?e=6i2RDV</a> |
| Public note | Click aqui para ver el recurso en texto completo |
| 942 ## - ADDED ENTRY ELEMENTS (KOHA) | |
| Source of classification or shelving scheme | Dewey Decimal Classification |
| Koha item type | Trabajos de grado |
| Classification part | INQ 2019 |
| Item part | A779 |
| Withdrawn status | Lost status | Source of classification or shelving scheme | Damaged status | Not for loan | Collection | Home library | Current library | Shelving location | Date acquired | Source of acquisition | Cost, normal purchase price | Inventory number | Total checkouts | Full call number | Barcode | Date last seen | Price effective from | Koha item type |
|---|---|---|---|---|---|---|---|---|---|---|---|---|---|---|---|---|---|---|
| Dewey Decimal Classification | Trabajos de grado | Miguel Henríquez Emiliani | Miguel Henríquez Emiliani | Trabajo de grado | 06/01/2019 | El autor | 350000.00 | 022854 | INQ 2019 A779 | 022854 | 04/15/2019 | 04/15/2019 | Trabajos de grado |